000 00435nam a2200169Ia 4500
005 20250423095548.0
008 250422s9999 xx 000 0 und d
020 _a9781695786639
050 _aQA 76.9.A25 .S66/
100 _aSnow, Juliian
245 0 _aHacking with Kali Linux
260 _aBritain
260 _c2019
300 _a241 p
650 _aKali Linux. Penetration testing (Computer security) Hackers.
942 _cBK
999 _c30652
_d30652